The constitution of the Islamic community in Bosnia and Herzegovina
| Main Author: | |
|---|---|
| Format: | Print Article |
| Language: | English |
| Check availability: | HBZ Gateway |
| Interlibrary Loan: | Interlibrary Loan for the Fachinformationsdienste (Specialized Information Services in Germany) |
| Published: |
2019
|
| In: |
State and religions in Bosnia and Herzegovina and Austria
Year: 2019, Pages: 67-72 |
| Further subjects: | B
Religious identity
B Islam B Religious institution B State B Islamic law B Bosnia-Herzegovina B Religious organization B Population group B Muslim B Constitution |
MARC
| LEADER | 00000caa a2200000 c 4500 | ||
|---|---|---|---|
| 001 | 1693612437 | ||
| 003 | DE-627 | ||
| 005 | 20231219061745.0 | ||
| 007 | tu | ||
| 008 | 200331s2019 xx ||||| 00| ||eng c | ||
| 020 | |a 9783704679857 | ||
| 035 | |a (DE-627)1693612437 | ||
| 035 | |a (DE-599)KXP1693612437 | ||
| 040 | |a DE-627 |b ger |c DE-627 |e rda | ||
| 041 | |a eng | ||
| 084 | |a RA08.24 |2 fivr | ||
| 084 | |a SG09 |2 fivs | ||
| 084 | |a SF10 |2 fivs | ||
| 084 | |a 0 |2 ssgn | ||
| 100 | 1 | |a Neimarlija, Hilmo |e VerfasserIn |4 aut | |
| 245 | 1 | 4 | |a The constitution of the Islamic community in Bosnia and Herzegovina |c Hilmo Neimarlija |
| 264 | 1 | |c 2019 | |
| 336 | |a Text |b txt |2 rdacontent | ||
| 337 | |a ohne Hilfsmittel zu benutzen |b n |2 rdamedia | ||
| 338 | |a Band |b nc |2 rdacarrier | ||
| 650 | 0 | 7 | |0 (DE-588)4298384-8 |0 (DE-627)104133724 |0 (DE-576)211009512 |a Bevölkerungsgruppe |2 gnd |
| 650 | 0 | 7 | |0 (DE-588)4354651-1 |0 (DE-627)181259605 |0 (DE-576)211562815 |a Religiöse Identität |2 gnd |
| 650 | 0 | 7 | |0 (DE-588)4040921-1 |0 (DE-627)106221205 |0 (DE-576)209042680 |a Muslim |2 gnd |
| 650 | 0 | 7 | |0 (DE-588)4049401-9 |0 (DE-627)106187147 |0 (DE-576)209081899 |a Religionsgemeinschaft |2 gnd |
| 650 | 0 | 7 | |0 (DE-588)4347045-2 |0 (DE-627)156889315 |0 (DE-576)211388041 |a Religiöse Einrichtung |2 gnd |
| 650 | 0 | 7 | |0 (DE-588)4056618-3 |0 (DE-627)106154303 |0 (DE-576)209118288 |a Staat |2 gnd |
| 650 | 0 | 7 | |0 (DE-588)4027743-4 |0 (DE-627)106283499 |0 (DE-576)20897220X |a Islam |2 gnd |
| 650 | 0 | 7 | |0 (DE-588)1151921939 |0 (DE-627)101270016X |0 (DE-576)498151891 |a Islamisches Recht |2 gnd |
| 650 | 0 | 7 | |0 (DE-588)4062787-1 |0 (DE-627)106130196 |0 (DE-576)209146095 |a Verfassung |2 gnd |
| 651 | 7 | |0 (DE-588)4088119-2 |0 (DE-627)106037552 |0 (DE-576)209251883 |a Bosnien-Herzegowina |2 gnd | |
| 773 | 0 | 8 | |i Enthalten in |a State and Religions in Bosnia and Herzegovina and Austria: a Legal Framework for Islam in a European Context (Veranstaltung : 2016 : Sarajevo) |t State and religions in Bosnia and Herzegovina and Austria |d Wien : Verlag Österreich, 2019 |g (2019), Seite 67-72 |h XVI, 141 Seiten |w (DE-627)1645583848 |w (DE-576)516787454 |z 9783704679857 |z 3704679852 |7 nnam |
| 773 | 1 | 8 | |g year:2019 |g pages:67-72 |
| 935 | |a mteo | ||
| 936 | f | i | |0 (DE-627)1756132194 |a RA08.24 |b Bosnien-Herzegowina |k Europa |k Südosteuropa |k Bosnien-Herzegowina |2 fivr |
| 936 | f | i | |0 (DE-627)1756136092 |a SG09 |b Religion/Religionsgemeinschaften |k Gesellschaft |k Religion/Religionsgemeinschaften |2 fivs |
| 936 | f | i | |0 (DE-627)1756135886 |a SF10 |b Recht |k Staat |k Recht |2 fivs |
| 938 | 1 | 0 | |0 (DE-627)1756138176 |0 (DE-615)6603727 |a Bosnien-Herzegowina |2 fivt |
| 938 | 1 | 0 | |0 (DE-627)1756154902 |0 (DE-615)6607151 |a Religiöse Bevölkerungsgruppe |2 fivt |
| 938 | 1 | 0 | |0 (DE-627)1756152586 |0 (DE-615)6608431 |a Muslime |2 fivt |
| 938 | 1 | 0 | |0 (DE-627)1756170991 |0 (DE-615)6607192 |a Religionsgemeinschaft |2 fivt |
| 938 | 1 | 0 | |0 (DE-627)1756175969 |0 (DE-615)6605012 |a Religiöse Institution |2 fivt |
| 938 | 1 | 0 | |0 (DE-627)1756192235 |0 (DE-615)6610070 |a Verhältnis Religionsgemeinschaft - Staat |2 fivt |
| 938 | 1 | 0 | |0 (DE-627)1756169551 |0 (DE-615)6605656 |a Islam |2 fivt |
| 938 | 1 | 0 | |0 (DE-627)1756225982 |0 (DE-615)6605313 |a Islamisches Recht |2 fivt |
| 938 | 1 | 0 | |0 (DE-627)1756230625 |0 (DE-615)6609360 |a Verfassung |2 fivt |
| 951 | |a AR | ||
| CAN | |a 1 | ||
| ELC | |b 1 | ||
| LOK | |0 000 xxxxxcx a22 zn 4500 | ||
| LOK | |0 001 4426540763 | ||
| LOK | |0 003 DE-627 | ||
| LOK | |0 004 1693612437 | ||
| LOK | |0 005 20231219173156 | ||
| LOK | |0 008 231205||||||||||||||||ger||||||| | ||
| LOK | |0 040 |a DE-Tue135 |c DE-627 |d DE-Tue135 | ||
| LOK | |0 092 |o n | ||
| LOK | |0 852 |a DE-Tue135 | ||
| LOK | |0 852 1 |9 00 | ||
| LOK | |0 935 |a fivi | ||
| LOK | |0 939 |a 05-12-23 |b l01 | ||
| ORI | |a SA-MARC-ixtheoa001.raw | ||
| REL | |a 1 | ||
| STA | 0 | 0 | |a Bosnia-Herzegovina,Bosnia and Herzegovina,Constitution,Islam,Islam,Islamic law,Muslim,Muslim,Mohammedan,Moslem,Population group,Religious identity,Religious identity,Identity,Religious institution,Religious organization,Religious society,Religion,Denomination,State,Country,State, The, in literature,State, The, in art |
| STB | 0 | 0 | |a Communauté religieuse,Constitution,Droit islamique,Groupe démographique,Identité religieuse,Identité religieuse,Institution religieuse,Islam,Islam,Musulman,Musulman,État,État |
| STC | 0 | 0 | |a Comunidad religiosa,Constitución,Derecho musulmán,Estado,Estado,Grupo demográfico,populacional,populacional,Identidad religiosa,Identidad religiosa,Institución religiosa,Islam,Islam,Musulmán,Musulmán |
| STD | 0 | 0 | |a Comunità religiosa,Costituzione,Gruppo demografico,Identità religiosa,Identità religiosa,Islam,Islam,Istituzione religiosa,Musulmano,Musulmano,Shari'a,Diritto islamico,Stato,Stato |
| STE | 0 | 0 | |a 人口群组,伊斯兰教,伊斯兰教,回教,回教,国家,宗教团体,宗教机构,宗教身份,宗教认同,宪法,穆斯林,穆斯林 |
| STF | 0 | 0 | |a 人口群組,伊斯蘭教,伊斯蘭教,回教,回教,伊斯蘭教法,國家,宗教團體,宗教機構,宗教身份,宗教認同,憲法,穆斯林,穆斯林 |
| STG | 0 | 0 | |a Comunidade religiosa,Constituição,Estado,Estado,Grupo demográfica,populacional,populacional,Identidade religiosa,Identidade religiosa,Instituição religiosa,Islã,Islã,Muçulmano,Muçulmano,Xaria |
| STH | 0 | 0 | |a Государство (мотив),Государство,Группа населения,Ислам (мотив),Ислам,Конституция,Мусульманин (мотив),Мусульманин,Религиозная личность (мотив),Религиозное сознание,Религиозная община,Религиозное учреждение,Шариат |
| STI | 0 | 0 | |a Θρησκευτική κοινότητα,Θρησκευτική ταυτότητα (μοτίβο),Θρησκευτική ταυτότητα,Θρησκευτικό ίδρυμα,Ισλάμ (μοτίβο),Ισλάμ,Κράτος (μοτίβο),Κράτος,Μουσουλμάνος (μοτίβο),Μουσουλμάνος,Πληθυσμιακή ομάδα,Δημογραφική ομάδα,Σαρία,Σύνταγμα |
| SUB | |a CAN |a REL | ||
| SYE | 0 | 0 | |a Religiöses Bewusstsein , Muslimin,Muslime,Mohammedaner,Mohammedanerin,Moslem,Muselman,Muselmann,Moslemische Frau,Muslimische Frau,Muslima,Moslemin,Mosliminnen,Moslem,Mohammedaner,Muselman,Muselmann,Muslime , Religious community,Glaubensgemeinschaft,Religiöse Vereinigung,Scientology,Sekte,Religionsgenossenschaft,Religionsgesellschaft,Religionsgemeinschaften , Religiöse Institution , Land,Staatswesen,Staaten , Islam , Islam,Sharia,Scharia,Šarīʿa,Scheriʿa,Scheriat , Constitution,Constitutionalism,Grundgesetz,Staatliche Verfassung,Staatsverfassung,Verfassungstheorie,Staatsverfassung,Verfassungen |
| SYF | 0 | 0 | |a Bosna i Hercegovina,BiH,Bosnien und Herzegowina,People's Republic Bosnia and Hercegovina,Bosnien und Herzegowina,NRBIH,Bosnia and Hercegovina,Federacija Bosne i Hercegovine,FBiH,Republika Bosna i Hercegovina,RBiH,Federation of Bosnia and Herzegovina,SRBIH,Narodna Republika Bosna i Hercegovina,Socijalistička Republika Bosna i Hercegovina,NRBiH,SRBiH,Bosnien und Herzegowina |



